00574 2200217 4500001002100000005001500021035002000036007000300056008004100059020001800100082000800118084001400126100002300140245007900163250001000242260003100252300003700283650001000320990001300330990001300343INLIS00000000000017320170912030356 a0010-0917000159ta170912 0 ind  a979-688-828-9 a297 a297 RAH i0 aRahmat, M. Imdadun1 aIslam Pribumi :bMendialogkan Agama Membaca Realitas /cRahmat, M. Imdadun aCet.1 aJakarta :bErlangga,c2003 a236 hlm :b.ilus ;c14,5 x 21 cm aIslam a1072.903 a1071 824